National Institutes of Health (NIH) documents - FIND

Detalles Bibliográficos
Formato: Electrónico Periódico
Lenguaje:inglés
Publicado: Greenbelt, Maryland : Federal Information & News Dispatch
Materias:
Acceso en línea:Full text available from Research Library: 02/10/2005 to present

MARC

LEADER 00000nas a2200000 i 4500
001 ssj0001076670
003 WaSeSS
005 20200512172242.0
006 m d
007 cr n
008 131221c20uu9999mdud| n|s|||||| |0eng d
035 |a (WaSeSS)ssj0001076670 
040 |a WaSeSS  |b eng  |c WaSeSS  |d WaSeSS 
050 1 4 |a RA421 
245 0 0 |a National Institutes of Health (NIH) documents - FIND  |h [electronic resource]. 
246 1 |a National Institutes of Health (NIH) documents - Federal Information and News Dispatch 
260 |a Greenbelt, Maryland :  |b Federal Information & News Dispatch 
310 |a Daily 
506 |a License restrictions may limit access. 
588 |a Description based on: February 10, 2005; title from title screen (ProQuest, viewed Dec. 21, 2013). 
588 |a Latest issue consulted: December 20, 2013 (viewed Dec. 21, 2013). 
610 2 0 |a National Institutes of Health (U.S.)  |v Newspapers. 
650 0 |a Public health  |v Newspapers. 
650 0 |a Public safety  |v Newspapers. 
655 0 |a Electronic journals. 
856 4 0 |z Full text available from Research Library: 02/10/2005 to present  |u https://search.proquest.com/publication/28278